000 00719nam a2200217Ia 4500
001 9313
003 GE_BSU
008 181216s||||||||xx |||||||||||||| ||und||
040 _cGE_BSU
080 _a621.315(075.32)
100 _aМагидин,Ф.А. Берковский,А.Г.
245 _aУстроиство и монтаж воздушных линий электропередачи.
245 _bУчеб. пособие.
245 _cРед. А.Ш.Долгова.
260 _aМ.
260 _bВысш. школа.
260 _c1973.
300 _a254 стр. 21 см.
653 _aУстроиство и монтаж воздушных линий электропередачи.
942 _cBK
999 _c42610
_d42610